| 000 | 00772nam a2200229 i 4500 | ||
|---|---|---|---|
| 001 | 85720 | ||
| 003 | ES-MaACL | ||
| 005 | 20230906175307.0 | ||
| 007 | t| | ||
| 008 | 041130s1969 sp ||||1| spa d | ||
| 100 | 0 |
_aHaubtmann, Pierre. _962080 |
|
| 245 | 1 | 3 |
_aEl testamento social de Juan XXIII / _cPierre Haubtmann ; prefacio de J. Ménager, Obispo de Meaux ; [traducido por Pedro Darnell]. |
| 250 | _a[1ª ed.]. | ||
| 260 |
_aBarcelona : _bNova Terra, _c[1969] |
||
| 300 |
_a427 p. ; _c19 cm. |
||
| 600 | 0 | 4 |
_aJuan _bXIII _cPapa, Santo. _967136 |
| 650 | 4 |
_aIglesia y problemas sociales- _xEncíclicas. _9137973 |
|
| 700 | 1 |
_aHaubtmann, Pierre. _962080 |
|
| 700 | 1 |
_aMénager, J. _980062 |
|
| 700 | 1 |
_aDarnell, Pedro. _942741 |
|
| 852 |
_aES-MaACL _jC-36483 _bR.69647 |
||
| 999 |
_c85720 _d85720 |
||